Riconosci la Squadra di calcio - Quiz n°206 - Statistics

Statistiche generali
  • Questo quiz è stato fatto 8 volte
  • Il punteggio medio è 6 su 10
Statistiche sulle risposte
Indizio Risposta % Corretto
Colori sociali Arancione, nero
100%
Simboli Merluzzo
100%
Trofei nazionali 1 Coppa di Francia
88%
Titoli nazionali 1 Ligue 2
88%
Confederazione UEFA
75%
Divisione nazionale 2023-2024 Prima
63%
Trofei internazionali 0
38%
Fondazione 1926
38%
Capienza Stadio 18 500 posti
25%
Squadra Lorient
25%
Nessun quiz corrispondente trovato
Distribuzione punteggi
Percentuale di utenti per punteggio
Percentile per numero di risposta
I tuoi punteggi nel tempo
Non hai fatto questo quiz